LEADER 01928nam 2200373 450 001 000030003 005 20120514145252.0 010 $a978-88-06-20286-6$dEUR19.50 100 $a20120411d2010----km-y0itaa50------ba 101 1 $aita 102 $aIT 200 1 $aAutobiografia di Alice Toklas$fGertrude Stein$gtraduzione di Cesare Pavese$gprefazione di Giuseppe Scaraffia 210 $aTorino$cEinaudi$d2010 215 $aXIV, 270 p.$d21 cm 225 2 $aLetture Einaudi$v26 330 $aAutobiografia dell'amica e compagna di vita, autobiografia di se stessa in conto terzi, autobiografia di un gruppo di artisti e intellettuali che hanno cambiato la cultura del Novecento. Con quest'opera Gertrude Stein ha scritto tre libri in uno, identificandosi nell'amica, distanziandosi da se stessa (e oggettivandosi), ma soprattutto disegnando l'affresco più affascinante della Parigi artistica e letteraria dell'inizio del secolo fino ai primi anni Trenta: Braque, Matisse, Hemingway, Cocteau e tutti gli altri. E ovviamente Picasso, la sua migliore "invenzione". 410 0$12001$aLetture Einaudi$v26 600 1$aToklas,$bAlice$xAutobiografia 676 $a818.52$v(22. ed.)$9Scritti miscellanei americani in lingua inglese, 1900-1945. 700 1$aStein,$bGertrude$0193008 702 1$aPavese,$bCesare 702 1$aScaraffia,$bGiuseppe 801 0$aIT$bUniversità della Basilicata - B.I.A.$gREICAT$2unimarc 912 $a000030003 996 $aAutobiografia di Alice Toklas$993218 997 $aUNIBAS BAS $aLETTERE CAT $aLCR$b01$c20120118$lBAS01$h0715 CAT $aLCR$b01$c20120118$lBAS01$h0716 CAT $aLCR$b01$c20120119$lBAS01$h0738 CAT $aSTD079$b01$c20120411$lBAS01$h0807 CAT $aMDL$b00$c20120514$lBAS01$h1452 FMT Z30 -1$lBAS01$LBAS01$mBOOK$1BASA1$APolo Storico-Umanistico$2DID$BDidattica$3FP/110796$6110796$5L110796$820120424$f04$FPrestabile Didattica